| 000 | 00797nam a2200265Ia 4500 | ||
|---|---|---|---|
| 005 | 20240530110949.0 | ||
| 008 | 140319s1988 xx 000 0 ara d | ||
| 040 |
_aGCL / _cGCL |
||
| 082 | 0 | 4 |
_a923.1 / _bج ط |
| 100 | 1 | _aجواد صيداوى | |
| 245 | 1 | 0 |
_aالطغاة والطغيان فى التاريخ / _cجواد صيداوى |
| 250 | _aالاولى | ||
| 260 |
_aبيروت : _bدار ابن زيدون ، _c1988 |
||
| 300 |
_a126 ص؛ _c24 سم |
||
| 650 | 0 | 4 | _aالطغاة |
| 650 | 0 | 4 | _aالحجاج بن يوسف الثقافى |
| 650 | 0 | 4 | _aجنكيز خان |
| 650 | 0 | 4 | _aتيمورلنك |
| 650 | 0 | 4 | _aايفان |
| 650 | 0 | 4 | _aهولاكو |
| 650 | 0 | 4 | _aهتلر |
| 650 | 0 | 4 | _aنيرون |
| 942 |
_2ddc _cBK |
||
| 999 |
_c66960 _d66960 |
||